Word Ladder: The Master of Suspense Quiz Stats

 Plays Quiz Updated Mar 25, 2018

Score 0/98 Timer 09:00
0 Plays Today
Hint Answer % Correct
12. Kitchen or bathroom basinSINK
96.3%
15. Lion's hairMANE
96.1%
5. Plastic credit deviceCARD
96.1%
11. Ice skating venueRINK
96.1%
4. To look after someoneCARE
95%
16. Female horseMARE
95%
14. Of sound mindSANE
94.9%
13. Trigonometric functionSINE
93.5%
23. Bus or taxi feeFARE
93.2%
6. PoetBARD
92.4%
44. DaybreakDAWN
91.6%
45. Weakest rank of chess piecePAWN
91.2%
56. To distribute playing cardsDEAL
90.9%
68. North by North____ (1959)WEST
90.7%
40. MaizeCORN
90.6%
55. ____ M for Murder (1954)DIAL
90.3%
8. To tie or fasten tightlyBIND
90.2%
7. The ____s (1963)BIRD
90.1%
50. Of above average heightTALL
89.9%
31. Water barrier around a castleMOAT
89.8%
69. Past tense of 'go'WENT
89.5%
58. ____ Window (1954)REAR
89.3%
72. No longer presentGONE
89.1%
29. Refreshing candyMINT
89%
57. Not imagined or supposedREAL
88.9%
42. Large village or small cityTOWN
88.7%
28. Belly button contentsLINT
88.5%
30. ____ Blanc of the AlpsMONT
88.3%
60. Line where fabric is joinedSEAM
88.1%
9. MSN search engineBING
88%
49. Animal's hindmost appendageTAIL
87.7%
70. Courteous man (abbrev.)GENT
87.2%
10. The ___ (1927)RING
87.1%
Hint Answer % Correct
41. _____ CurtainTORN
87%
85. The Trouble ____ Harry (1955)WITH
86.8%
2. Absence of difficulty or effortEASE
86.7%
59. To burn or scorch the surfaceSEAR
86.6%
3. The Paradine ____ (1947)CASE
86.2%
78. Natural underground chamberCAVE
86.1%
61. To give the impression of beingSEEM
85.8%
46. DiscomfortPAIN
85.7%
93. The Man Who Knew Too ____ (1934, 1956)MUCH
85.7%
54. Pickle flavoring herbDILL
85.6%
71. DNA segmentGENE
85.3%
79. To have arrivedCAME
85.1%
52. HadesHELL
85.1%
34. Ink stainBLOT
84.9%
62. Stalk of a plant STEM
84.8%
67. Annoyance, destructive insectPEST
84.6%
73. Fruit of a pine treeCONE
84.1%
64. To slowly leak throughSEEP
84%
39. Masked mammal (abbrev.)COON
83.8%
51. Always ____ Your [Rung 88] (1923) TELL
83.7%
77. Small sheltered inletCOVE
83.6%
81. Hinged opening in a fenceGATE
83.6%
63. The 39 ____s (1935)STEP
83.4%
43. ____ [Rung 53] (1927)DOWN
83.4%
27. Long, narrow mark LINE
83.3%
38. Poultry tenementCOOP
82.8%
86. Genie benevolenceWISH
82.3%
82. Goose liver pastePATÉ
81.9%
80. The Skin ____ (1931)GAME
81.1%
1. ____ Virtue (1928)EASY
80.8%
35. Family ____ (1976)PLOT
80.2%
18. Actor Grant of Hitchcock filmsCARY
79.9%
65. Sound like a baby birdPEEP
79.1%
Hint Answer % Correct
83. Trodden track or wayPATH
79.1%
37. The highest deck of a shipPOOP
78.9%
36. To heavily drop downPLOP
78.6%
17. ____ (1931)MARY
78.5%
22. Gradually grow faintFADE
78.5%
53. [Rung 43] ____ (1927)HILL
78%
84. Type of safari helmetPITH
77.7%
87. Sage, prudentWISE
77.3%
95. To inhale as through a strawSUCK
76.3%
94. Of this particular kindSUCH
74.6%
66. Syriana's actress AmandaPEET
74.4%
47. Chief in importanceMAIN
74.4%
96. What iceberg did to TitanicSUNK
73.9%
48. Black____ (1929)MAIL
73.1%
24. ConflagrationFIRE
71.5%
21. To load with cargoLADE
69.5%
20. The ____ Vanishes (1938)LADY
68.6%
97. Old discarded articles JUNK
67.8%
76. Bush policy advisor KarlROVE
65.3%
32. [Rung 26]____ (1944)BOAT
64.9%
25. Small shrill flute FIFE
64.8%
26. ____[Rung 32] (1944)LIFE
62.8%
19. Singer and songwriter GrovesCADY
60.7%
33. Harsh, raucous noiseBLAT
60.2%
74. To deal with somethingCOPE
60.2%
88. Always [Rung 51] Your ____ (1923)WIFE
58.1%
92. German pronoun for 'me'MICH
54.2%
75. ____ (1948)ROPE
51%
89. Unchecked or widespread RIFE
49.9%
90. Swamp grass food productRICE
47.7%
91. ____ and Strange (1931)RICH
45.7%
98. ____ and the Paycock (1930)JUNO
30.2%

Today's Daily Dose

You're not logged in!

Compare scores with friends on all Sporcle quizzes.
OR
Log In

You Might Also Like...

Show Comments

Extras

Top Quizzes Today


Score Distribution

Your Account Isn't Verified!

In order to create a playlist on Sporcle, you need to verify the email address you used during registration. Go to your Sporcle Settings to finish the process.

Report this User

Report this user for behavior that violates our Community Guidelines.

Details: